[Event "Titled Tuesday intern op 12th Mar Late"]
[Site "Chess.com INT"]
[Date "2024.03.12"]
[Round "8"]
[White "Bagrationi, Alexander"]
[Black "Grahn, Vidar"]
[Result "1-0"]
[WhiteElo "2439"]
[BlackElo "2226"]
[PlyCount "91"]
[EventDate "2024.03.12"]
[EventType "swiss (blitz)"]
[EventRounds "11"]
[EventCountry "USA"]
[SourceTitle "CB12_2024"]
[SourceDate "2023.10.01"]
[SourceVersion "1"]
[SourceVersionDate "2023.10.01"]
[SourceQuality "1"]

1. e4 c5 2. d3 Nc6 3. g3 g6 4. Bg2 Bg7 5. Ne2 d6 6. 0-0 e6 7. c3 Nge7 8. d4 cxd4 9. cxd4 d5 10. e5 0-0 11. Nbc3 a6 12. b3 b5 13. Qd3 b4 14. Na4 a5 15. Nc5 Qb6 16. Be3 Nf5 17. Rfc1 Nxe3 18. Qxe3 Na7 19. h4 h5 20. Bf3 Nb5 21. g4 hxg4 22. Bxg4 Kh7 23. Kg2 Bh6 24. f4 Qd8 25. Rh1 Qe7 26. h5 g5 27. Qd3+ Kh8 28. Qxb5 gxf4 29. Kf3 Rg8 30. Rag1 f6 31. Qc6 fxe5 32. Qxa8 e4+ 33. Kf2 f3 34. Bxf3 Rxg1 35. Nxg1 Qf8 36. Rh3 exf3 37. Rxf3 Qg8 38. Ne2 Kh7 39. Qa7+ Kh8 40. Qf7 Qg4 41. Qf6+ Bg7 42. Qg6 Qh4+ 43. Kg2 e5 44. Qe8+ Kh7 45. Qxc8 Qg4+ 46. Qxg4 1-0

[Event "Titled Tuesday intern op 23rd Jan Late"]
[Site "Chess.com INT"]
[Date "2024.01.23"]
[Round "2"]
[White "Bagrationi, Alexander"]
[Black "Ostrovskiy, Aleksandr A"]
[Result "1-0"]
[WhiteElo "2443"]
[BlackElo "2399"]
[PlyCount "69"]
[EventDate "2024.01.23"]
[EventType "swiss (blitz)"]
[EventRounds "11"]
[EventCountry "USA"]
[SourceTitle "CB05_2024"]
[SourceDate "2024.01.31"]
[SourceVersion "1"]
[SourceVersionDate "2024.01.31"]
[SourceQuality "1"]

1. e4 d5 2. exd5 Nf6 3. d4 Bg4 4. f3 Bf5 5. Bb5+ Nbd7 6. g4 Bg6 7. Nc3 a6 8. Bd3 Nb6 9. h4 Nfxd5 10. h5 Nxc3 11. bxc3 Bxd3 12. Qxd3 Qd5 13. Ne2 e6 14. Bf4 0-0-0 15. Kf2 Nc4 16. Rab1 e5 17. Bg3 Bc5 18. Qf5+ Kb8 19. dxc5 Qxc5+ 20. Ke1 Nd2 21. Rd1 g6 22. Qf6 Qe3 23. Rf1 Rhe8 24. Rf2 Rd6 25. Qxf7 Red8 26. Rc1 gxh5 27. gxh5 Nc4 28. Qxc4 Rd2 29. Rb1 b5 30. Kf1 Kc8 31. Qe4 Rd1+ 32. Rxd1 Rxd1+ 33. Kg2 Qd2 34. Qxe5 Qe1 35. Qxc7# 1-0

[Event "Titled Tuesday intern op 19th Dec Early"]
[Site "Chess.com INT"]
[Date "2023.12.19"]
[Round "3"]
[White "Bagrationi, Alexander"]
[Black "Haring, Filip"]
[Result "0-1"]
[WhiteElo "2443"]
[BlackElo "2442"]
[PlyCount "38"]
[EventDate "2023.12.19"]
[EventType "swiss (blitz)"]
[EventRounds "11"]
[EventCountry "USA"]
[SourceTitle "CB52_2023"]
[SourceDate "2023.12.27"]
[SourceVersion "1"]
[SourceVersionDate "2023.12.27"]
[SourceQuality "1"]

1. d4 e6 2. e4 d5 3. exd5 exd5 4. Bd3 Nf6 5. h3 c5 6. dxc5 Bxc5 7. Nf3 0-0 8. 0-0 Nc6 9. Bg5 h6 10. Bh4 g5 11. Bg3 Ne4 12. Kh2 f5 13. c4 f4 14. cxd5 fxg3+ 15. fxg3 Nxg3 16. Re1 Qd6 17. dxc6 Nf1+ 18. Kh1 Qh2+ 19. Nxh2 Ng3# 0-1

[Event "Titled Tuesday intern op 05th Sep Early"]
[Site "Chess.com INT"]
[Date "2023.09.05"]
[Round "2"]
[White "Bagrationi, Alexander"]
[Black "Karacsonyi, Gellert"]
[Result "0-1"]
[WhiteElo "2440"]
[BlackElo "2376"]
[PlyCount "156"]
[EventDate "2023.09.05"]
[EventType "swiss (blitz)"]
[EventRounds "11"]
[EventCountry "USA"]
[SourceTitle "EXT 2024"]
[Source "ChessBase"]
[SourceDate "2023.10.10"]
[SourceVersion "1"]
[SourceVersionDate "2023.10.10"]
[SourceQuality "1"]

1. d4 Nf6 2. g3 e6 3. Bg2 d5 4. c4 Be7 5. Nf3 0-0 6. 0-0 dxc4 7. Qc2 a6 8. Qxc4 b5 9. Qc2 Bb7 10. Bg5 Be4 11. Qc1 Nbd7 12. Nbd2 Bb7 13. Nb3 c5 14. dxc5 Rc8 15. Rd1 Qe8 16. Be3 Ng4 17. Bd4 Bd5 18. e4 Bxb3 19. axb3 Nxc5 20. Qf4 Nf6 21. Bxc5 Bxc5 22. Rxa6 Qe7 23. Ne5 Qc7 24. Nd3 Qxf4 25. gxf4 Rfd8 26. Bf3 Bd4 27. Kg2 h6 28. e5 Nd5 29. Bxd5 Rxd5 30. Kf3 Rc2 31. Rd6 Bxb2 32. Nxb2 Rxb2 33. R1xd5 exd5 34. Rxd5 Rxb3+ 35. Kg4 g6 36. Rd7 Rb2 37. Rb7 Rxf2 38. Rxb5 Rxh2 39. Kg3 Rh1 40. Rb7 Rg1+ 41. Kf3 h5 42. Ke4 h4 43. Kf3 Rg3+ 44. Kf2 Rc3 45. Ra7 h3 46. Ra1 Kg7 47. Rg1 Kf8 48. Rh1 Ke7 49. Rd1 Ra3 50. Kg1 Rf3 51. Rd4 Ke6 52. Rd6+ Ke7 53. Rf6 Re3 54. Kh2 Kf8 55. Kh1 Kg7 56. Kh2 Kg8 57. Kh1 Kg7 58. Kh2 g5 59. fxg5 Rxe5 60. Rf3 Rxg5 61. Kxh3 Ra5 62. Kg2 f5 63. Rc3 Kf6 64. Kf2 Kg5 65. Rc4 Ra2+ 66. Kf3 Ra3+ 67. Kf2 f4 68. Rc5+ Kg4 69. Rc8 Ra2+ 70. Kf1 Kg3 71. Rc3+ f3 72. Ke1 Ra1+ 73. Kd2 Kg2 74. Rc8 f2 75. Rg8+ Kh3 76. Rh8+ Kg4 77. Rg8+ Kh5 78. Rh8+ Kg6 0-1

[Event "Titled Tuesday intern op 05th Sep Early"]
[Site "Chess.com INT"]
[Date "2023.09.05"]
[Round "4"]
[White "Mitrabha, Guha"]
[Black "Bagrationi, Alexander"]
[Result "1-0"]
[WhiteElo "2515"]
[BlackElo "2440"]
[PlyCount "123"]
[EventDate "2023.09.05"]
[EventType "swiss (blitz)"]
[EventRounds "11"]
[EventCountry "USA"]
[SourceTitle "EXT 2024"]
[Source "ChessBase"]
[SourceDate "2023.10.10"]
[SourceVersion "1"]
[SourceVersionDate "2023.10.10"]
[SourceQuality "1"]

1. Nf3 d5 2. c4 c6 3. cxd5 cxd5 4. d4 Nc6 5. Nc3 Nf6 6. Bf4 a6 7. Rc1 e6 8. e3 Bd6 9. Bg5 h6 10. Bh4 Qb6 11. Bxf6 gxf6 12. Rb1 f5 13. g3 Bd7 14. Be2 Qa5 15. a3 b5 16. 0-0 0-0 17. b4 Qb6 18. Ne1 Be7 19. Nd3 Rfc8 20. Nc5 Be8 21. Bf3 Qd8 22. Qd3 Nb8 23. Ne2 Nd7 24. Nf4 Nb6 25. Nfxe6 fxe6 26. Nxe6 Qd6 27. Qxf5 h5 28. Nf4 Bf7 29. Bxh5 Rf8 30. Rbc1 Nc4 31. Qg4+ Kh7 32. Bxf7 Rxf7 33. Qh5+ Kg7 34. Nxd5 Rh8 35. Qg4+ Qg6 36. Qxg6+ Kxg6 37. a4 Nd2 38. Rc6+ Kg7 39. h4 Nxf1 40. Kxf1 bxa4 41. Rxa6 Rd8 42. Nf4 Rb8 43. Ne6+ Kg8 44. Rxa4 Rxb4 45. Ra8+ Bf8 46. Kg2 Rb2 47. Nf4 Kh7 48. Nh3 Bh6 49. Re8 Kg7 50. g4 Rf8 51. Re4 Kg8 52. g5 Bg7 53. Kg3 Kf7 54. h5 Re8 55. Rf4+ Kg8 56. h6 Bf8 57. Rf6 Be7 58. Rg6+ Kh8 59. Rg7 Bf8 60. Rd7 Re7 61. Rd8 Kg8 62. Nf4 1-0

[Event "World-chT Rapid"]
[Site "Dusseldorf"]
[Date "2023.08.28"]
[Round "11"]
[White "Bagrationi, Alexander"]
[Black "Mohammad, Nubairshah Shaikh"]
[Result "1/2-1/2"]
[WhiteElo "2364"]
[BlackElo "2430"]
[PlyCount "70"]
[EventDate "2023.08.26"]
[EventType "team-swiss (rapid)"]
[EventRounds "12"]
[EventCountry "GER"]
[SourceTitle "CBM 215 Extra"]
[Source "ChessBase"]
[SourceDate "2023.09.30"]
[SourceVersion "1"]
[SourceVersionDate "2023.09.30"]
[SourceQuality "1"]
[WhiteTeam "Hemer"]
[BlackTeam "Six Pack"]
[WhiteTeamCountry "GER"]
[BlackTeamCountry "IND"]

1. Nf3 Nf6 2. d4 g6 3. g3 d5 4. Bg2 Bg7 5. 0-0 0-0 6. c4 c6 7. b3 Bf5 8. Bb2 Nbd7 9. Nc3 Ne4 10. cxd5 Nxc3 11. Bxc3 cxd5 12. Qd2 Be4 13. Rfc1 a5 14. a4 Qb6 15. b4 axb4 16. Bxb4 Bxf3 17. exf3 Qxd4 18. Qxd4 Bxd4 19. Ra2 Rfc8 20. Rxc8+ Rxc8 21. Bxe7 Ne5 22. f4 Rc1+ 23. Bf1 Nf3+ 24. Kg2 Ne1+ 25. Kh3 f5 26. Bb5 Kf7 27. Bd8 Nf3 28. Ba5 h6 29. Kg2 b6 30. Kxf3 bxa5 31. Rd2 Rc3+ 32. Ke2 Bb6 33. Rxd5 Rc2+ 34. Rd2 Rxd2+ 35. Kxd2 Bxf2 1/2-1/2

[Event "World-chT Rapid"]
[Site "Dusseldorf"]
[Date "2023.08.27"]
[Round "6.10"]
[White "Bagrationi, Alexander"]
[Black "Vandenbussche, Thibaut"]
[Result "0-1"]
[WhiteElo "2440"]
[BlackElo "2439"]
[PlyCount "144"]
[EventDate "2023.08.26"]
[EventType "team-swiss (rapid)"]
[EventRounds "12"]
[EventCountry "GER"]
[SourceTitle "CBM 215 Extra"]
[Source "ChessBase"]
[SourceDate "2023.09.30"]
[SourceVersion "1"]
[SourceVersionDate "2023.09.30"]
[SourceQuality "1"]
[WhiteTeam "Hemer"]
[BlackTeam "Aachen"]
[WhiteTeamCountry "GER"]
[BlackTeamCountry "GER"]

1. d4 d5 2. Nf3 c5 3. e3 Nf6 4. b3 Nc6 5. Bb2 Bg4 6. Be2 Bxf3 7. Bxf3 cxd4 8. exd4 e6 9. 0-0 Bd6 10. c4 0-0 11. c5 Bf4 12. g3 Bh6 13. a3 Ne4 14. b4 f5 15. Qd3 Qf6 16. Bg2 f4 17. Bxe4 dxe4 18. Qxe4 Rad8 19. d5 Qxb2 20. dxc6 Qxa1 21. cxb7 Qd4 22. Qxd4 Rxd4 23. Nc3 Rb8 24. Nb5 Rd5 25. Nxa7 Rxb7 26. Nc6 f3 27. h4 Kf7 28. Kh2 Ke8 29. Kh3 Kd7 30. Na5 Rb5 31. Nc4 Rd4 32. Ne5+ Kc7 33. Re1 Bd2 34. Nxf3 Bxe1 35. Nxd4 Rb8 36. Nxe6+ Kd7 37. Nxg7 Bxf2 38. Nh5 Bd4 39. Kg4 Ra8 40. Kg5 Be3+ 41. Kf5 h6 42. Nf6+ Kc6 43. Ng4 Bc1 44. Ne5+ Kd5 45. Nf7 Rxa3 46. g4 Rb3 47. g5 hxg5 48. hxg5 Rxb4 49. c6 Rf4+ 50. Kg6 Kxc6 51. Ne5+ Kd6 52. Nf7+ Ke6 53. Nd8+ Ke7 54. Nc6+ Kd6 55. Nd8 Rf8 56. Nf7+ Ke6 57. Nh6 Rh8 58. Kg7 Bb2+ 59. Kg6 Bc3 60. Kh5 Bg7 61. Kg6 Ba1 62. Kh5 Rb8 63. Kg6 Rb5 64. Nf7 Rd5 65. Nh6 Bb2 66. Nf7 Bc1 67. Kg7 Bxg5 68. Kg6 Bf6 69. Nh6 Rg5+ 70. Kh7 Rg7+ 71. Kh8 Ra7+ 72. Kg8 Bg5 0-1

[Event "Titled Tuesday intern op 22nd Aug Early"]
[Site "Chess.com INT"]
[Date "2023.08.22"]
[Round "4"]
[White "Bagrationi, Alexander"]
[Black "Sarana, Alexey"]
[Result "0-1"]
[WhiteElo "2440"]
[BlackElo "2685"]
[PlyCount "70"]
[EventDate "2023.08.22"]
[EventType "swiss (blitz)"]
[EventRounds "11"]
[EventCountry "USA"]
[SourceTitle "EXT 2024"]
[Source "ChessBase"]
[SourceDate "2023.10.10"]
[SourceVersion "1"]
[SourceVersionDate "2023.10.10"]
[SourceQuality "1"]

1. d4 Nf6 2. Nf3 d5 3. g3 c6 4. Bg2 Bf5 5. 0-0 h6 6. c3 e6 7. Bf4 Nbd7 8. Nbd2 Be7 9. a4 g5 10. Be5 Nxe5 11. Nxe5 Bd6 12. Nd3 h5 13. Re1 Bxd3 14. exd3 g4 15. b4 h4 16. a5 a6 17. Nf1 Kd7 18. Qd2 Qg8 19. c4 hxg3 20. fxg3 Qg6 21. c5 Bc7 22. Re2 Rh7 23. Rf2 Rah8 24. Re1 Nh5 25. Re5 f6 26. Re3 f5 27. Re5 Bxe5 28. dxe5 f4 29. gxf4 g3 30. Rf3 gxh2+ 31. Kh1 Rg7 32. d4 Nxf4 33. Rxf4 Qxg2+ 34. Qxg2 Rxg2 35. Rf7+ Ke8 0-1

[Event "Titled Tuesday intern op 08th Aug Early"]
[Site "Chess.com INT"]
[Date "2023.08.08"]
[Round "1"]
[White "Bagrationi, Alexander"]
[Black "Styazhkina, Anna"]
[Result "0-1"]
[WhiteElo "2440"]
[BlackElo "2194"]
[PlyCount "150"]
[EventDate "2023.08.08"]
[EventType "swiss (blitz)"]
[EventRounds "11"]
[EventCountry "USA"]
[SourceTitle "EXT 2024"]
[Source "ChessBase"]
[SourceDate "2023.10.10"]
[SourceVersion "1"]
[SourceVersionDate "2023.10.10"]
[SourceQuality "1"]

1. d4 d5 2. Nf3 Nf6 3. g3 c6 4. Bg2 Bg4 5. 0-0 Nbd7 6. c4 e6 7. Nbd2 Bd6 8. b3 0-0 9. a4 Re8 10. Bb2 e5 11. dxe5 Nxe5 12. h3 Bxf3 13. exf3 Nd3 14. Bc3 Bc5 15. Qc2 Nb4 16. Qf5 d4 17. Bb2 Qd6 18. Ne4 Nxe4 19. fxe4 Nd3 20. Bc1 Nxc1 21. Raxc1 d3 22. Kh2 Rad8 23. f4 d2 24. Rcd1 Bb4 25. e5 Qd3 26. Qg4 Qxb3 27. Be4 Qxc4 28. Bb1 g6 29. h4 h5 30. Qf3 Qc3 31. Qe2 a5 32. Rf3 Qc5 33. Re3 Re7 34. f5 Rde8 35. e6 fxe6 36. fxg6 Kg7 37. Re5 Qd4 38. Rxh5 Bd6 39. Rh7+ Kg8 40. Qh5 Qf2+ 41. Kh1 Qe1+ 42. Kg2 Qxg3+ 43. Kf1 Rf8+ 44. Rf7 Rfxf7+ 45. gxf7+ Rxf7+ 46. Ke2 Qf2+ 47. Kd3 Rf3+ 48. Kc2 Qc5+ 49. Qxc5 Bxc5 50. Rxd2 Bb4 51. Rd7 Rf2+ 52. Kb3 Rf3+ 53. Kc2 b5 54. Ba2 bxa4 55. Bxe6+ Kh8 56. h5 Rf2+ 57. Kb1 a3 58. h6 Rh2 59. h7 Rxh7 60. Rxh7+ Kxh7 61. Ka2 Kg6 62. Bc4 Kf5 63. Kb3 Ke4 64. Ba6 Kd4 65. Bb7 c5 66. Ba6 a4+ 67. Ka2 c4 68. Bc8 c3 69. Bf5 Ke3 70. Bc2 Kd2 71. Bxa4 c2 72. Bxc2 Kxc2 73. Ka1 Kb3 74. Kb1 a2+ 75. Ka1 Bc3# 0-1

[Event "Titled Tuesday intern op 25th Jul Early"]
[Site "Chess.com INT"]
[Date "2023.07.25"]
[Round "4"]
[White "Bagrationi, Alexander"]
[Black "Lobanov, Sergei"]
[Result "0-1"]
[WhiteElo "2454"]
[BlackElo "2547"]
[PlyCount "72"]
[EventDate "2023.07.25"]
[EventType "swiss (blitz)"]
[EventRounds "11"]
[EventCountry "USA"]
[SourceTitle "EXT 2024"]
[Source "ChessBase"]
[SourceDate "2023.10.10"]
[SourceVersion "1"]
[SourceVersionDate "2023.10.10"]
[SourceQuality "1"]

1. d4 Nf6 2. Bg5 Ne4 3. Bf4 d5 4. f3 Nf6 5. Nc3 c5 6. e4 dxe4 7. dxc5 Qa5 8. Bb5+ Bd7 9. a4 Nc6 10. fxe4 e5 11. Bxc6 Bxc6 12. Bxe5 Bxc5 13. Bxf6 gxf6 14. Nf3 Rg8 15. Qe2 0-0-0 16. Rd1 Rde8 17. Rd2 f5 18. e5 Rg4 19. Qd3 Re4+ 20. Kd1 Re3 21. Qxf5+ Kb8 22. Qxf7 Rf8 23. Qxh7 Rexf3 24. gxf3 Bxf3+ 25. Kc1 Bxh1 26. Rd1 Bc6 27. e6 Re8 28. Re1 Bb4 29. Qd3 Bxc3 30. bxc3 Qd5 31. Qf3 Kc8 32. Qf6 Qd6 33. h4 Qa3+ 34. Kd2 Rd8+ 35. Ke2 Qd6 36. Kf2 Rf8 0-1

[Event "Titled Tuesday intern op 18th Jul Late"]
[Site "Chess.com INT"]
[Date "2023.07.18"]
[Round "2"]
[White "Bagrationi, Alexander"]
[Black "Oro, Faustino"]
[Result "1-0"]
[WhiteElo "2454"]
[BlackElo "2316"]
[PlyCount "159"]
[EventDate "2023.07.18"]
[EventType "swiss (blitz)"]
[EventRounds "11"]
[EventCountry "USA"]
[SourceTitle "EXT 2024"]
[Source "ChessBase"]
[SourceDate "2023.10.10"]
[SourceVersion "1"]
[SourceVersionDate "2023.10.10"]
[SourceQuality "1"]

1. d4 Nf6 2. Nf3 e6 3. g3 Be7 4. Bg2 0-0 5. 0-0 d5 6. b3 c5 7. Bb2 Nc6 8. e3 Qc7 9. Nbd2 Rd8 10. Qe2 b6 11. c4 Bb7 12. Rac1 Rac8 13. Rfd1 Qb8 14. cxd5 Nxd5 15. dxc5 Bxc5 16. Nc4 Bf8 17. Ng5 h6 18. Ne4 b5 19. Ncd2 a6 20. Qh5 Ndb4 21. Nf6+ gxf6 22. Bxf6 Rd5 23. Qg4+ Rg5 24. Bxg5 hxg5 25. Qxg5+ Bg7 26. Ne4 Qe5 27. Qxe5 Bxe5 28. a3 Nd5 29. Nc5 Ba8 30. Bxd5 exd5 31. Rxd5 Bb2 32. Rc2 Bxa3 33. Nxa6 Bb7 34. Nc5 Nb4 35. Rg5+ Kf8 36. Nd7+ Ke7 37. Rxc8 Bxc8 38. Nc5 Nc6 39. Nd3 b4 40. Rb5 Be6 41. Nc5 Bd5 42. e4 Nd4 43. Rb6 Bxb3 44. Nxb3 Nxb3 45. h4 Nd2 46. e5 b3 47. h5 b2 48. h6 Nf3+ 49. Kg2 Nxe5 50. h7 Ng6 51. Rxg6 b1Q 52. h8Q Qxg6 53. Qe5+ Kf8 54. Qb8+ Kg7 55. Qe5+ Kg8 56. Qe8+ Bf8 57. Qe2 Qc6+ 58. Kh2 Bd6 59. Qg4+ Kf8 60. Qf5 Qb6 61. Kg2 Ke7 62. Qe4+ Kd8 63. Qd5 Ke7 64. Qe4+ Kf8 65. Qd5 Qc7 66. Qe4 Bc5 67. Qd5 Qb6 68. Qf3 Qb2 69. Kf1 Bd4 70. Kg2 Kg7 71. Qf5 Qd2 72. Qg4+ Kf6 73. Qf3+ Ke7 74. Qe4+ Kd6 75. Qf5 f6 76. Qf3 Ke5 77. Kf1 f5 78. Kg2 Qe1 79. g4 f4 80. g5 1-0

[Event "Titled Tuesday intern op 18th Jul Late"]
[Site "Chess.com INT"]
[Date "2023.07.18"]
[Round "1"]
[White "Bagrationi, Alexander"]
[Black "Osmonbekov, Talaibek D"]
[Result "1-0"]
[WhiteElo "2454"]
[BlackElo "2137"]
[PlyCount "89"]
[EventDate "2023.07.18"]
[EventType "swiss (blitz)"]
[EventRounds "11"]
[EventCountry "USA"]
[SourceTitle "EXT 2024"]
[Source "ChessBase"]
[SourceDate "2023.10.10"]
[SourceVersion "1"]
[SourceVersionDate "2023.10.10"]
[SourceQuality "1"]

1. e4 c5 2. Be2 d5 3. d3 dxe4 4. dxe4 Qxd1+ 5. Bxd1 Nc6 6. Nc3 Bd7 7. Be3 e6 8. f4 0-0-0 9. Nf3 Nf6 10. Ng5 Be8 11. e5 Nd5 12. Nxd5 exd5 13. Bf3 h6 14. Nh3 Nb4 15. 0-0-0 d4 16. a3 Nc6 17. Bf2 Ne7 18. g4 Bc6 19. Ng1 Bxf3 20. Nxf3 Nd5 21. f5 Be7 22. h4 Nf4 23. Rhe1 Rd5 24. Re4 g5 25. fxg6 Nxg6 26. h5 Nf8 27. c4 Rd7 28. Rf4 Bd8 29. Rf1 Ne6 30. Rf5 Rg8 31. Rg1 a6 32. Kd2 b5 33. Kd3 bxc4+ 34. Kxc4 Rb7 35. b4 cxb4 36. axb4 Rc7+ 37. Kd3 Rc3+ 38. Ke4 Rc4 39. Rxf7 Rxb4 40. Rc1+ Kb8 41. Kf5 d3 42. Be3 Ng5 43. Nd4 Rxd4 44. Bxd4 d2 45. Ba7+ 1-0

[Event "Titled Tuesday intern op 04th Jul Late"]
[Site "Chess.com INT"]
[Date "2023.07.04"]
[Round "2"]
[White "Bagrationi, Alexander"]
[Black "Strybuk, Artsiom I"]
[Result "0-1"]
[WhiteElo "2454"]
[BlackElo "2408"]
[PlyCount "26"]
[EventDate "2023.07.04"]
[EventType "swiss (blitz)"]
[EventRounds "11"]
[EventCountry "USA"]
[SourceTitle "EXT 2024"]
[Source "ChessBase"]
[SourceDate "2023.10.10"]
[SourceVersion "1"]
[SourceVersionDate "2023.10.10"]
[SourceQuality "1"]

1. d4 Nf6 2. Nf3 g6 3. g3 Bg7 4. b3 d5 5. Bb2 0-0 6. Bg2 c6 7. 0-0 Bf5 8. e3 a5 9. a4 Nbd7 10. Qe2 Qb6 11. c4 Qxb3 12. Rc1 Bd3 13. Qd2 Ne4 0-1

[Event "Dortmund NRW Cup 50th"]
[Site "Dortmund"]
[Date "2023.06.30"]
[Round "7"]
[White "Bagrationi, Alexander"]
[Black "Souleidis, Georgios"]
[Result "1-0"]
[WhiteElo "2454"]
[BlackElo "2419"]
[PlyCount "129"]
[EventDate "2023.06.24"]
[EventType "tourn"]
[EventRounds "9"]
[EventCountry "GER"]
[EventCategory "7"]
[SourceTitle "CBM 215 Extra"]
[Source "ChessBase"]
[SourceDate "2023.09.30"]
[SourceVersion "1"]
[SourceVersionDate "2023.09.30"]
[SourceQuality "1"]

1. e4 c5 2. Nf3 Nc6 3. Bb5 g6 4. Bxc6 dxc6 5. d3 Bg7 6. h3 Nf6 7. 0-0 0-0 8. Nbd2 b6 9. a4 a5 10. Qe2 Ba6 11. e5 Nd5 12. Nc4 Qc7 13. b3 Rad8 14. Bb2 Nf4 15. Qe4 Ne6 16. Bc3 Rfe8 17. Rae1 f5 18. Qh4 h6 19. Qg3 g5 20. Nfd2 Rf8 21. f4 Nxf4 22. Rxf4 gxf4 23. Qg6 e6 24. Qxe6+ Kh7 25. Nd6 Bc8 26. Qc4 Qe7 27. Nf3 Be6 28. Qxf4 Bd5 29. Nh4 Qg5 30. Qxg5 hxg5 31. Nhxf5 Be6 32. g4 Bxf5 33. Nxf5 Rde8 34. Bb2 Bh8 35. Kg2 Re6 36. Bc1 Rg8 37. h4 gxh4 38. Kf3 Rxe5 39. Rh1 Rxf5+ 40. gxf5 Bf6 41. Bf4 b5 42. Re1 Bg5 43. Bh2 c4 44. Re6 cxb3 45. cxb3 bxa4 46. bxa4 Rd8 47. Kg4 Bd2 48. Rd6 Rg8+ 49. Kxh4 Rg5 50. Rf6 Rg2 51. Kh3 Rg5 52. Be5 c5 53. Kh4 Rg8 54. Rd6 Be3 55. Bf6 Rb8 56. Rd7+ Kg8 57. Rd8+ Rxd8 58. Bxd8 Bd2 59. Kg4 Kf7 60. Kf3 Ke8 61. Bb6 Bb4 62. Ke4 Ke7 63. Kd5 Kf6 64. Bxc5 Bd2 65. Ke4 1-0

[Event "Dortmund NRW Cup 50th"]
[Site "Dortmund"]
[Date "2023.06.28"]
[Round "5"]
[White "Saltaev, Mihail"]
[Black "Bagrationi, Alexander"]
[Result "1/2-1/2"]
[WhiteElo "2462"]
[BlackElo "2454"]
[PlyCount "74"]
[EventDate "2023.06.24"]
[EventType "tourn"]
[EventRounds "9"]
[EventCountry "GER"]
[EventCategory "7"]
[SourceTitle "CBM 215 Extra"]
[Source "ChessBase"]
[SourceDate "2023.09.30"]
[SourceVersion "1"]
[SourceVersionDate "2023.09.30"]
[SourceQuality "1"]

1. e4 c5 2. Nf3 Nc6 3. d4 cxd4 4. Nxd4 g6 5. Nb3 Bg7 6. Bc4 Nf6 7. Nc3 0-0 8. 0-0 d6 9. Re1 a6 10. a4 Nb4 11. a5 Qc7 12. Bf1 b5 13. axb6 Qxb6 14. Be3 Qc7 15. f3 Bd7 16. Na5 Rab8 17. Qd2 Rfc8 18. Kh1 Be6 19. Rec1 Nd7 20. Nb5 axb5 21. Qxb4 Nb6 22. Bxb5 Nc4 23. Nxc4 Bxc4 24. Qxc4 Qxc4 25. Bxc4 Rxc4 26. c3 f5 27. exf5 Rxb2 28. fxg6 hxg6 29. Bg5 Re2 30. Re1 Rxe1+ 31. Rxe1 Bxc3 32. Rc1 Rc7 33. g3 Kf7 34. Bd2 Ba5 35. Rxc7 Bxc7 36. Kg2 e5 37. h4 d5 1/2-1/2

[Event "Titled Tuesday intern op 23rd May Early"]
[Site "Chess.com INT"]
[Date "2023.05.23"]
[Round "2"]
[White "Durarbayli, Vasif"]
[Black "Bagrationi, Alexander"]
[Result "1-0"]
[WhiteElo "2627"]
[BlackElo "2454"]
[PlyCount "149"]
[EventDate "2023.05.23"]
[EventType "swiss (blitz)"]
[EventRounds "11"]
[EventCountry "USA"]
[SourceTitle "CBM 214 Extra"]
[Source "ChessBase"]
[SourceDate "2023.07.31"]
[SourceVersion "1"]
[SourceVersionDate "2023.07.31"]
[SourceQuality "1"]

1. e4 c5 2. Nf3 Nc6 3. d4 cxd4 4. Nxd4 g6 5. c4 Bg7 6. Be3 Nf6 7. Nc3 0-0 8. Be2 d6 9. 0-0 Nxd4 10. Bxd4 Bd7 11. Qd3 Bc6 12. f4 Nd7 13. Bxg7 Kxg7 14. Kh1 Nc5 15. Qe3 a5 16. b3 Qb6 17. Nd5 Bxd5 18. exd5 Rfe8 19. f5 Nd7 20. Qf4 Ne5 21. f6+ exf6 22. Qxf6+ Kg8 23. Rae1 Qd8 24. Qf4 Qc7 25. h4 f5 26. h5 b6 27. Bd1 Qg7 28. Re3 Ra7 29. Rg3 Rae7 30. Kg1 Nf7 31. Bc2 Re5 32. Bd3 g5 33. Qd4 f4 34. Rxf4 Re1+ 35. Bf1 Qxd4+ 36. Rxd4 R8e2 37. a3 Rb2 38. Rdd3 Rbb1 39. Rdf3 h6 40. Rf6 Ne5 41. Rc3 Kg7 42. Rf5 Ng4 43. Rcf3 Ne5 44. Rc3 Ng4 45. Rcf3 Ne5 46. Rg3 Ra1 47. b4 a4 48. c5 bxc5 49. bxc5 dxc5 50. d6 Rad1 51. Rc3 c4 52. Rc2 g4 53. Rcf2 g3 54. R2f4 Rxd6 55. Rf8 Rdd1 56. Rc8 Rc1 57. Rc7+ Kg8 58. Rc8+ Kg7 59. Rc7+ Kg8 60. Rf5 Rxf1+ 61. Rxf1 Rxf1+ 62. Kxf1 Nd3 63. Rxc4 Kf7 64. Rxa4 Ke6 65. Rd4 Ne5 66. Re4 Kf5 67. Rxe5+ Kxe5 68. Ke2 Ke4 69. a4 Kd5 70. Kf3 Kc5 71. Kxg3 Kb4 72. Kf4 Kxa4 73. Kf5 Kb5 74. Kg6 Kc6 75. Kxh6 1-0

[Event "Titled Tuesday intern op 25th Apr Late"]
[Site "Chess.com INT"]
[Date "2023.04.25"]
[Round "1"]
[White "Aqib, Javaid Butt"]
[Black "Bagrationi, Alexander"]
[Result "0-1"]
[WhiteElo "1759"]
[BlackElo "2454"]
[PlyCount "71"]
[EventDate "2023.04.25"]
[EventType "swiss (blitz)"]
[EventRounds "11"]
[EventCountry "USA"]
[SourceTitle "EXT 2024"]
[Source "ChessBase"]
[SourceDate "2023.10.10"]
[SourceVersion "1"]
[SourceVersionDate "2023.10.10"]
[SourceQuality "1"]

1. d4 f5 2. Nf3 Nf6 3. c4 g6 4. Nc3 Bg7 5. g3 0-0 6. Bg2 d6 7. 0-0 Qe8 8. d5 a5 9. Nb5 Na6 10. Nbd4 Nc5 11. b3 Nfe4 12. Bb2 Bd7 13. Rb1 c6 14. Nd2 cxd5 15. cxd5 Qf7 16. Nxe4 fxe4 17. Nc2 Bxb2 18. Rxb2 Qf6 19. Qd4 b5 20. Qxf6 exf6 21. a3 f5 22. f3 exf3 23. Bxf3 Rfe8 24. Nd4 Re3 25. b4 Na4 26. Rc2 Rxa3 27. bxa5 Nc3 28. Rfc1 b4 29. Nc6 Bxc6 30. dxc6 R8xa5 31. Rd2 Rc5 32. Rxd6 Nxe2+ 33. Kf2 Rxc1 34. Rd8+ Kg7 35. Rd7+ Kh6 36. c7 0-1